Smallest countries in world - Statistics

General Stats
  • This quiz has been taken 28 times
  • The average score is 10 of 13
Answer Stats
Continent Country % Correct
Europe Vatican City
100%
Europe Monaco
89%
Europe San Marino
89%
Europe Liechtenstein
85%
Europe Malta
81%
Oceania Marshall Islands
74%
North America (Caribbean) Grenada
70%
North America (Caribbean) Saint Kitts and Nevis
67%
Oceania Tuvalu
67%
Oceania Nauru
63%
North America (Caribbean) Saint vincent and the grenadines
63%
North America (Caribbean) Barbados
59%
Asia Maldives
56%
No matching quizzes found
Score Distribution
Percent of People with Each Score
Percentile by Number Answered
Your Score History
You have not taken this quiz